[Event "NRW Class1 1516"]
[Site "Germany"]
[Date "2016.04.03"]
[Round "8.8"]
[White "Boehlich, Daniel"]
[Black "Sommer, Hans Dieter"]
[Result "1/2-1/2"]
[WhiteElo "1944"]
[BlackElo "1673"]
[PlyCount "62"]
[EventDate "2015.09.27"]
[EventType "team-tourn"]
[EventRounds "9"]
[EventCountry "GER"]
[SourceTitle "EXT 2017"]
[Source "ChessBase"]
[SourceDate "2016.10.25"]
[SourceVersion "1"]
[SourceVersionDate "2016.10.25"]
[SourceQuality "1"]
[WhiteTeam "Emsdetten Rochade"]
[BlackTeam "Duisburg"]
[WhiteTeamCountry "GER"]
[BlackTeamCountry "GER"]

1. d4 Nf6 2. c4 e6 3. Nc3 Bb4 4. Qc2 0-0 5. a3 Bxc3+ 6. Qxc3 d5 7. Bg5 c6 8. e3 Nbd7 9. Nf3 Qc7 10. Bf4 Qd8 11. Bd3 Ne4 12. Qc2 f5 13. 0-0 Ndf6 14. h3 Bd7 15. Rac1 Rc8 16. c5 Be8 17. Ne5 Nd7 18. f3 Nxe5 19. Bxe5 Ng5 20. b4 Nf7 21. Bg3 Qf6 22. Rb1 a6 23. a4 Bd7 24. Qc3 Rfe8 25. b5 axb5 26. axb5 e5 27. bxc6 Bxc6 28. Rb6 Qg5 29. Bf2 e4 30. fxe4 fxe4 31. Be2 Nh6 1/2-1/2

[Event "Muensterland-ch"]
[Site "Telgte"]
[Date "2012.04.03"]
[Round "2.4"]
[White "Beutelhoff, Josef"]
[Black "Boehlich, Daniel"]
[Result "1/2-1/2"]
[WhiteElo "2140"]
[BlackElo "1782"]
[PlyCount "72"]
[EventDate "2012.04.02"]
[EventType "tourn"]
[EventRounds "7"]
[EventCountry "GER"]
[SourceTitle "EXT 2016"]
[Source "ChessBase"]
[SourceDate "2015.10.08"]
[SourceVersion "1"]
[SourceVersionDate "2015.10.08"]
[SourceQuality "1"]

1. d4 d5 2. c4 e6 3. Nc3 c6 4. e3 Nf6 5. Nf3 Nbd7 6. Qc2 Bd6 7. Bd2 Qe7 8. Be2 0-0 9. 0-0 dxc4 10. Bxc4 e5 11. h3 h6 12. Nh4 Nd5 13. Nf5 Qf6 14. Bxd5 exd4 15. exd4 cxd5 16. Nxd5 Qe6 17. Nde3 Nb6 18. Nxd6 Qxd6 19. Bc3 Be6 20. Qd2 Qd7 21. Rfd1 Nd5 22. Nxd5 Bxd5 23. Re1 Rfe8 24. b3 Rxe1+ 25. Rxe1 Re8 26. Re5 Rxe5 27. dxe5 Bc6 28. Qxd7 Bxd7 29. f4 Kf8 30. Kf2 g6 31. Ke3 h5 32. Kd4 Bc6 33. g3 Bg2 34. h4 Ke7 35. Bb4+ Ke6 36. Bc5 a6 1/2-1/2

[Event "Steinfurt Bezirksliga 1011"]
[Site "Germany"]
[Date "2010.12.04"]
[Round "3.2"]
[White "Richter, Michael4444"]
[Black "Boehlich, Daniel"]
[Result "1/2-1/2"]
[WhiteElo "1683"]
[BlackElo "1743"]
[PlyCount "44"]
[EventDate "2010.10.02"]
[EventType "team-tourn"]
[EventRounds "9"]
[EventCountry "GER"]
[SourceTitle "EXT 2012"]
[Source "ChessBase"]
[SourceDate "2011.11.24"]
[SourceVersion "1"]
[SourceVersionDate "2011.11.24"]
[SourceQuality "1"]
[WhiteTeam "Reckenfeld"]
[BlackTeam "Steinfurt II"]
[WhiteTeamCountry "GER"]
[BlackTeamCountry "GER"]

1. d4 d5 2. Nf3 Nf6 3. g3 g6 4. Bg2 Bg7 5. 0-0 0-0 6. Nbd2 Nbd7 7. c4 dxc4 8. Nxc4 Nb6 9. Nce5 Ng4 10. b3 Nxe5 11. Nxe5 Bxe5 12. dxe5 Qxd1 13. Rxd1 c6 14. Ba3 Re8 15. Rd2 Be6 16. Rad1 Kf8 17. Bc5 Rec8 18. e4 Ke8 19. Kf1 Nd7 20. Bd4 c5 21. Bc3 Nb6 22. f4 Rd8 1/2-1/2

[Event "Steinfurt Bezirksliga 0809"]
[Site "Germany"]
[Date "2009.01.17"]
[Round "5.7"]
[White "Reimann, Tanja"]
[Black "Boehlich, Daniel"]
[Result "0-1"]
[WhiteElo "1254"]
[BlackElo "1667"]
[PlyCount "58"]
[EventDate "2008.09.27"]
[EventType "team-tourn"]
[EventRounds "9"]
[EventCountry "GER"]
[SourceTitle "EXT 2010"]
[Source "ChessBase"]
[SourceDate "2010.11.25"]
[SourceVersion "1"]
[SourceVersionDate "2010.11.25"]
[SourceQuality "1"]
[WhiteTeam "Emsdetten Turm III"]
[BlackTeam "Steinfurt II"]
[WhiteTeamCountry "GER"]
[BlackTeamCountry "GER"]

1. e4 g6 2. Nf3 Bg7 3. d4 d6 4. Bc4 Nf6 5. Nc3 0-0 6. 0-0 a6 7. a4 b6 8. b3 Bb7 9. d5 Nxe4 10. Nxe4 Bxa1 11. c3 b5 12. Be2 b4 13. Bh6 Bxc3 14. Nxc3 bxc3 15. Qd4 f6 16. Ng5 Rf7 17. Ne6 Qd7 18. Rc1 c6 19. Bf3 cxd5 20. Bxd5 Bxd5 21. Qxd5 Nc6 22. Rxc3 Rc8 23. h4 Ne5 24. Rg3 Qc6 25. Qd2 Qc2 26. f4 Qxd2 27. fxe5 Qxh6 28. exf6 Rxf6 29. Ng5 Rc1+ 0-1